000 00460nam a22001937a 4500
003 bpm
005 20260421121149.0
008 260421b |||||||| |||| 00| p spa d
024 _aS. C. C. / M. C. y E. M.:
040 _aAR-CtUCP
041 _aspa
080 _aCDU
100 _aOviedo José Ignacio
245 _aSacro pubis de poesis
260 _aCorrientes
_bRokkacola
_c2000
650 _aLiteratura - Poesía
942 _cLIB
999 _c76684
_d76684